|
|
|
|
| LEADER |
00000nam0a2200000 4500 |
| 001 |
138789 |
| 005 |
20231031141540.0 |
| 010 |
|
|
|a 9785699241996
|
| 035 |
|
|
|a (RuTPU)RU\TPU\book\150368
|
| 090 |
|
|
|a 138789
|
| 100 |
|
|
|a 20080529d2007 m y0rusy50 ca
|
| 101 |
0 |
|
|a rus
|
| 102 |
|
|
|a RU
|
| 105 |
|
|
|a y z 000ay
|
| 200 |
1 |
|
|a Испытание огнем
|e [фантастический роман]
|f А. Орлов
|
| 210 |
|
|
|a Москва
|c Эксмо
|d 2007
|
| 215 |
|
|
|a 448 с.
|
| 225 |
1 |
|
|a Русский фантастический боевик
|
| 330 |
|
|
|a Защитникам базы 24 удалось отбить жестокий штурм сепаратистов, но потерпевшие неудачу враги приходят в себя. На смену мятежникам в джунглях появляются неведомые монстры, заставившие капитулировать все материки планеты, кроме Тортуги. Чтобы одолеть новую напасть, Джиму Симмонсу и Тони Тайлеру предстоит пройти жестокие испытания, перестать верить своим и подружиться с теми, кого давно считали врагами. Они разрушат «змеиное логово», но... Если бы они только знали, во что ввязываются!
|
| 610 |
1 |
|
|a русская литература
|
| 610 |
1 |
|
|a романы
|
| 610 |
1 |
|
|a фантастика
|
| 610 |
1 |
|
|a боевики
|
| 675 |
|
|
|a Р2
|v 3
|
| 700 |
|
1 |
|a Орлов
|b А.
|g Алекс
|
| 801 |
|
1 |
|a RU
|b 63413507
|c 20080529
|g PSBO
|
| 801 |
|
2 |
|a RU
|b 63413507
|c 20080605
|g PSBO
|
| 942 |
|
|
|c BK
|